000 00405nam a2200133Ia 4500
005 20260328104307.0
008 260328s9999||||xx |||||||||||||| ||und||
100 _aHernández Castro, Nieves Lucely
245 0 _aLa Representación de la Edificación /
_cNieves Lucely Hernández Castro
260 _bUniversidad Colegio Mayor de Cundinamarca
300 _a209 p.
650 _aCONSTRUCCIÓN
942 _cBK
999 _c10792
_d10792